000 01080nam a2200313 i 4500
003 EG-GICUC
005 20260415142856.0
008 260415s1937 fr |||fr|||| 00| 0 fre d
040 _aEG-GiCUC
_bfre
_cEG-GiCUC
_dEG-GiCUC
_eRda
082 0 4 _221
_a343
_bGO . P
092 0 4 _221
099 _aLaw1 10 343 GO . P 1937
100 1 _aGoyet, Francisque
_eAuteur
245 1 0 _aPrécis de Droit Pénal Spécial :
_bÉrude des infractions punies par le code pénal et par les lois les plus importantes /
_cPar Francisque Goyet.
250 _aTroisième édition
264 1 _aParis :
_bLibrairie Du Recueil sirey,
_c1937.
300 _a603 page ;
_c 24 cm.
_billustration ;
336 _2rda contenu
_a texte
337 _2rda medias
_aOrdinateur
338 _2 transporteur rda
_a Ressource en ligne
504 _aBibliography: pages 200-250. 240-220
546 _aTexte en français
650 1 _aCriminal Science
_2qrmak
651 1 _2qrmak
856 4 0 _uhttps://fll.law.cu.edu.eg/fulltext/bks/B10-09544.pdf
905 _a161
905 _a164
942 _2ddc
_cBK
_e21
_n0
999 _c71017
_d71017